000
00265nam a2200097Ia 4500
001
696165
005
20250826162007.0
008
250824s9999 xx 000 0 und d
245
0
_a
GELİBOLU UZUN BEYAZ BULUT CİLTLİ/B.UZUNER/EVEREST
_c
BUKET UZUNER
260
_b
EVEREST
999
_c
696165
_d
696165